Statistics for Dschungelcamp-Teilnehmer

Click here to take the quiz!

General Stats

  • This quiz has been taken 42 times
    (18 since last reset)
  • The average score is 51 of 183

Answer Stats

HintAnswerWer?% Correct
6 | 10Brigitte NielsenWAS GEHT LOS DA REIN, Hollywood-Star
85%
8Michael WendlerEGAL, Schlagersänger, das Orginal, Verschwörungstheoretiker
85%
1Costa CordalisSchlagersänger, sah irgendwo Anita
77%
16Lucas CordalisSänger
77%
12Natascha Ochsenknechtehemalige Alte vom Uwe, Basler: "Ochsenknüppel"
77%
10Thorsten LegatKASALLA, Ex-Fußballer (u.a. Frankfurt)
77%
12Jenny FrankhauserSchwester von Daniela Katzenberger
69%
7Joey HeindleDSDS-Teilnehmer, Sänger
69%
6Micaela Schäferzieht sich gerne überall aus
69%
16Claudia EffenbergModel, Spielerfrau
62%
14Danni BüchnerWitwe von Jens
62%
7Iris KleinMama von Daniela Katzenberger
62%
11Jens BüchnerMallorca-Auswanderer
62%
11Marc TerenziOH EIN KROKODIL
62%
8Melanie MüllerReality-TV-Teilnehmerin
62%
7Olivia JonesDragqueen aus Hamburg
62%
6AiltonKugelblitz, Ex-Fußballer
54%
13Bastian YottaReality-TV-Teilnehmer, Mobber von Claudia Obert
54%
DocBob McCarronParademic
54%
ModDirk BachModerator
54%
13Evelyn BurdeckiBachelor- und Promi-BB-Teilnehmerin
54%
15Filip PavlovicReality-TV-Teilnehmer
54%
ModJan KöppenModerator
54%
6Rocco StarkSohn vom Ochsenknecht, Schauspieler
54%
5Sarah KnappikModel, GNTM-Teilnehmerin, Dingens
54%
ModSonja ZietlowModeratorin, 132 IQ, Hase
54%
13Chris TöpperwienCurrywurstmann
46%
16Cosimo Citiolo"Checker vom Neckar", Reality-TV-Teilnehmer (u.a. Sommerhaus)
46%
ModDaniel HartwichModerator
46%
2Désirée NickEntertainerin, "spitzeste Zunge Deutschlands"
46%
2Dolly Busterehemalige Pornodarstellerin
46%
16Gigi BirofioReality-TV-Teilnehmer (Ex on the Beach)
46%
10Menderes BagciDSDS-Teilnehmer
46%
14Prince DamienDSDS-Gewinner
46%
13Sandra Kiriasisehemalige Olympiasiegerin im Bobfahren
46%
10Sophia Wollersheimehemalige Alte vom Wollersheim
46%
14Sven Ottkeehemaliger Profiboxer
46%
16Verena KerthEx-Spielerfrau, TV- und Radiomoderatorin
46%
14Claudia Norberghat mal den DJ geliebt
38%
12Daniele NegroniDSDS-Teilnehmer
38%
1Daniel KüblböckDSDS-Teilnehmer
38%
1Dustin SemmelroggeSchauspieler, Sohn von Martin
38%
15Eric StehfestSchauspieler
38%
5Eva JacobMitglied der Jacob Sisters
38%
7Georgina FleurBachelor-Teilnehmerin
38%
11Gina-Lisa LohfinkModel, GNTM-Teilnehmerin, zieht sich auch gerne aus
38%
11Hanka Rackwitzmieten, kaufen, wohnen-Darstellerin
38%
15Harald GlööcklerModeunternehmer und Designer
38%
10Helena FürstAnwältin der Armen
38%
7Helmut BergerSchauspieler
38%
5Jay KhanSänger
38%
2Jimmy HartwigEx-Fußballer
38%
9Maren GilzerGlücksrad-Fee
38%
16Martin SemmelroggeSchauspieler, Vater von Dustin
38%
3Michaela Schaffrathehemalige Pornodarstellerin
38%
15Anouschka RenziSchauspielerin
31%
12Ansgar BrinkmannEx-Fußballer (u.a. Frankfurt)
31%
4Christina LugnerEx von Richard, Moderatorin
31%
8Corinna DrewsEx vom König von Mallorca
31%
3DJ TomekkDJ
31%
3Eike ImmelEx-Fußballer
31%
5Froonck Matthéewahnsinnig bekannter HOCHZEITSPLANER
31%
12Giuliana FarfallaGNTM-Teilnehmerin
31%
4Giulia SiegelModel
31%
4Ingrid van BergenSchauspielerin
31%
10Jenny ElversSchauspielerin, Promi-BB-Gewinnerin
31%
8Julian F.M. StöckelSchauspieler, Modedesigner
31%
11Kader LothReality-TV-Teilnehmerin
31%
6Kim GlossDSDS-Teilnehmerin
31%
8Larissa MaroltModel, GNTM-Teilnehmerin
31%
16Markus MörlSänger der Neuen Deutschen Welle
31%
12Matthias MangiapaneMobber von Claudia Obert
31%
8Mola Adebisiehemaliger VIVA-Moderator
31%
16Papis LovedayModel
31%
5Peer KusmagkSchauspieler
31%
16Tessa BergmeierReality-TV-Teilnehmerin (GNTM)
31%
11Thomas HäßlerEx-Fußballer
31%
9Walter FreiwaldModerator
31%
11Alexander KeenHoney, hat Probleme mit seinem Hals
23%
7Arno FunkeDagobert, Kaufhauserpresser
23%
13Domenico de CiccoReality-TV-Teilnehmer
23%
7Fiona ErdmannGNTM-Teilnehmerin
23%
11Fräulein MenkeSängerin
23%
8Gabby RinneSängerin
23%
13Gisele OppermannGNTM-Teilnehmerin
23%
4Gundis ZamboModel, Schauspielerin
23%
10Gunter GabrielSchlagersänger
23%
5Indira WeisSchauspielerin, Sängerin
23%
15Janina YoussefianTeppichluder, Promi-BB-Teilnehmerin
23%
15Jasmin HerrenReality-TV-Teilnehmerin und Witwe
23%
5Katy KarrenbauerSchauspielerin
23%
15Linda NobatBachelor-Teilnehmerin
23%
2Nadja Abd el FarragEx von Dieter Bohlen
23%
10Nathalie VolkGNTM-Teilnehmerin
23%
4Nico SchwanzModel, eher nur bekannt aufgrund seines Namens
23%
13Peter OrloffSchlagersänger, Gewinner der Herzen
23%
6Radost Bokelwird gerne mit a geschrieben
23%
5Rainer LanghansAutor und Schauspieler
23%
9Rolfe ScheiderGNTM-Juror
23%
6Vincent RavenCORAX
23%
2Willi HerrenPartyschlagersänger, "Fan-Liebling" des Reality-TVs
23%
8Winfried GlatzederSchauspieler
23%
14Anastasiya AvilovaReality-TV-Teilnehmerin
15%
1Antonia LangsdorfModeratorin
15%
3Barbara HerzsprungModedesignerin, Ex von Bernd
15%
3Bata IllicSchlagersänger
15%
1Caroline BeilModeratorin, Roboter
15%
16Cecilia AsoroReality-TV-Teilnehmerin (Are You The One?)
15%
7Claudelle DeckertSchauspielerin
15%
12David FriedrichBachelorette-Teilnehmer
15%
14Elena MirasReality-TV-Teilnehmerin
15%
13Felix van DeventerSchauspieler
15%
11Florian WessReality-TV-Teilnehmer
15%
5Gitta SaxxModel
15%
4Günther KaufmannSchauspieler
15%
14Günther KrauseProfessor Doktor, ehemaliger Bundesverkehrsminister
15%
2Harry WijnvoordModerator
15%
2Heydi Nunez-GomezModel, Sängerin
15%
3Isabel EdvardssonTänzerin, Glücksrad-Fee
15%
8Jochen BendelRuck Zuck-Moderator
15%
16Jolina MennenInfluencerin
15%
9Jörn SchlönvoigtSchauspieler
15%
3Julia BiedermannSchauspielerin
15%
10Jürgen Milskikauft Schokokuss im Supermarkt, 9Live-Fresse, verliert gegen 132 IQ-Moderatorin
15%
13Leila LowfireSchauspielerin, Model
15%
3Lisa BundDSDS-Teilnehmerin
15%
1Lisa FitzSchauspielerin, Sängerin
15%
4Lorielle LondonEntertainerin
15%
11Markus Majowskischmeißt mit Kieselsteinen auf Kinder
15%
14Markus ReineckeTrödelfuchs
15%
11Nicole Miethist beim Auszug gegen einen Baum gerannt
15%
4Norbert SchrammEiskunstläufer
15%
15Peter AlthofPromi-Bodyguard
15%
4Peter BondSchauspieler
15%
14Raul RichterSchauspieler
15%
9Rebecca Siemoneit-BarumSchauspielerin (Lindenstraße), Rosins Fettkampf
15%
10Rolf ZacherSchauspieler
15%
3Ross AntonySänger
15%
9Sara KulkaGNTM-Teilnehmerin
15%
13Sibylle Rauchehemalige Erotikdarstellerin
15%
5Thomas RupprathSchwimm-Weltmeister
15%
15Tina RulandSchauspielerin
15%
12Tina YorkSängerin, Gewinnerin der Herzen
15%
13Tommi PiperSynchronstimme von Alf
15%
14Toni TripsDSDS-Teilnehmerin
15%
1Werner BöhmSänger, Musiker
15%
7Allegra CurtisSchauspielerin
8%
9Angelina HegerBachelor-Teilnehmerin
8%
9Aurelio SavinaBachelorette-Teilnehmerin
8%
9Benjamin BoyceSänger
8%
3Björn-Hergen SchimpfModerator
8%
1Carlo ThränhardtLeichtathlet
8%
6Daniel LopesDSDS-Teilnehmer
8%
13Doreen DietelSchauspielerin
8%
2Fabrice MorvanSänger
8%
2Isabel VarellSängerin, Schauspielerin
8%
16Jana PallaskeSchauspielerin
8%
6JazzySängerin
8%
12Kattia VidesBachelor-Teilnehmerin
8%
15Manuel FlickingerReality-TV-Teilnehmer
8%
8Marco AngeliniDSDS-Teilnehmer
8%
14Marco CerulloReality-TV-Teilnehmer
8%
1Mariella AhrensSchauspielerin
8%
6Martin KesiciSänger, noch ein crazy Mann
8%
5Mathieu CarrièreSchauspieler, crazy Mann
8%
4Michael MezianiSchauspieler
8%
9Patricia BlancoTochter vom Oldenburger Eisdielenmann
8%
7Patrick NuoSänger, DSDS-Juror
8%
6Ramona LeißModeratorin, Schauspielerin
8%
10Ricky HarrisModerator, will keine Schlange sein
8%
14Sonja KirchbergerSchauspielerin
8%
1Susan StahnkeSchauspielerin, Moderatorin
8%
12Sydney YoungbloodSänger
8%
8Tanja SchumannSchauspielerin
8%
9Tanja TischewitschDSDS-Teilnehmerin
8%
15Tara TabithaReality-TV-Teilnehmerin
8%
12Tatjana GsellReality-TV-Teilnehmerin
8%
2Carsten SpengemannSchauspieler, Fernsehmoderator
0%
10David OrtegaSchauspieler
0%
12Sandra StefflSchauspielerin
0%
11Sarah Joelle JahnelDSDS- und Promi-BB-Teilnehmerin
0%
7Silva GonzalezSchauspieler, Sänger
0%

Score Distribution

Percentile by Number Answered

Percent of People with Each Score

Your Score History

You have not taken this quiz since the last reset